| 000 | 00445nam a2200193Ia 4500 | ||
|---|---|---|---|
| 005 | 20250425162711.0 | ||
| 008 | 250425s9999 xx 000 0 und d | ||
| 041 | _aeng | ||
| 082 | _a003 | ||
| 100 | _aVELLEMAN, PAUL F | ||
| 245 | 0 | _aDATA DESK: QUICKSTART GUIDE | |
| 250 | _aS.E | ||
| 260 |
_aEstados Unidos _bDATA DESCRIPTION INC _c1997 |
||
| 260 | _aNEW YORK | ||
| 300 | _a42 | ||
| 650 | _aSOFTWARE | ||
| 942 | _c01 | ||
| 010 | _a97508 | ||
| 999 |
_c234656 _d234656 |
||